Manual para las sociedades femeniles misioneras afiliadas a la Unión Nacional Femenil Bautista Misionera, auxiliar de la Convención Nacional Bautista de México (Record no. 25703)

MARC details
000 -LEADER
campo de control de longitud fija 00580ntaaa2200181 4500
003 - IDENTIFICADOR DE NÚMERO DE CONTROL
campo de control 01
005 - FECHA Y HORA DE LA ÚLTIMA TRANSACCIÓN
campo de control 20251027203032.0
008 - DATOS DE LONGITUD FIJA--INFORMACIÓN GENERAL
campo de control de longitud fija 0714s1973 ag 01
040 ## - FUENTE DE CATALOGACIÓN
Centro catalogador/agencia de origen AR-BaBN
Lengua de catalogación spa
Centro/agencia transcriptor AR-BaBN
Normas de descripción aacr
Centro/agencia modificador RIC
082 ## - NÚMERO DE LA CLASIFICACIÓN DECIMAL DEWEY
Número de clasificación 267.4000 C15
100 ## - ENTRADA PRINCIPAL--NOMBRE DE PERSONA
Nombre de persona Campbell, Viola
9 (RLIN) 20426
245 ## - MENCIÓN DEL TÍTULO
Título Manual para las sociedades femeniles misioneras afiliadas a la Unión Nacional Femenil Bautista Misionera, auxiliar de la Convención Nacional Bautista de México
250 ## - MENCION DE EDICION
Mención de edición 1 ed.
260 ## - PUBLICACIÓN, DISTRIBUCIÓN, ETC.
Lugar de publicación, distribución, etc. Mexico :
Nombre del editor, distribuidor, etc. s.d,
Fecha de publicación, distribución, etc. 1945
300 ## - DESCRIPCIÓN FÍSICA
Extensión 52 p
650 ## - PUNTO DE ACCESO ADICIONAL DE MATERIA--TÉRMINO DE MATERIA
Término de materia o nombre geográfico como elemento de entrada Sociedad Femenil Misionera
9 (RLIN) 10447
942 ## - ELEMENTOS DE ENTRADA SECUNDARIOS (KOHA)
Tipo de ítem Koha Colección General
Holdings
Estatus retirado Estado de pérdida Estado de daño No para préstamo Biblioteca de origen Biblioteca actual Fecha de adquisición Número de inventario Total de préstamos Signatura topográfica completa Código de barras Visto por última vez Precio de reemplazo Tipo de ítem Koha
        Biblioteca Pluis Biblioteca Pluis 27/10/2025 19952   267.4000 C15 19952 27/10/2025 27/10/2025 Colección General